000 00394 a2200157 4500
001 171181
020 _a
040 _cMagnum
100 _aRoger, Marie-Sabine
240 1 0 _aA garrafinha de turbulao: entre a fantasia e a realidade
_lpor
245 1 0 _aA garrafinha de turbulao: entre a fantasia e a realidade
362 0 _a1899
440 1 _aScipione
697 _aIJ/GERAL
942 _cBK
999 _c171181
_d171181